[Event "Wch U14 rapid"]
[Site "Batumi"]
[Date "2023.06.07"]
[Round "6"]
[White "Navoyan, Gagik"]
[Black "Simonyan, Hayk V"]
[Result "1/2-1/2"]
[WhiteElo "1763"]
[BlackElo "1553"]
[PlyCount "112"]
[EventDate "2023.06.06"]
[EventType "swiss (rapid)"]
[EventRounds "11"]
[EventCountry "GEO"]
[SourceTitle "EXT 2024"]
[Source "ChessBase"]
[SourceDate "2023.10.10"]
[SourceVersion "1"]
[SourceVersionDate "2023.10.10"]
[SourceQuality "1"]
[WhiteTeam "Armenia"]
[BlackTeam "Armenia"]
[WhiteTeamCountry "ARM"]
[BlackTeamCountry "ARM"]

1. d4 Nf6 2. Nf3 g6 3. g3 Bg7 4. Bg2 0-0 5. c4 d6 6. Nc3 c6 7. 0-0 Qb6 8. e4 Bg4 9. h3 Bxf3 10. Bxf3 Nfd7 11. Ne2 c5 12. dxc5 Qxc5 13. e5 Nxe5 14. Bxb7 Nbc6 15. Bxa8 Rxa8 16. Qd5 Qxc4 17. Qxc4 Nxc4 18. Rb1 Rb8 19. b3 N4e5 20. Kg2 Nb4 21. a3 Nd5 22. Rd1 e6 23. Be3 Nxe3+ 24. fxe3 d5 25. Nd4 Nd7 26. e4 Nb6 27. Nc6 Rb7 28. exd5 Nxd5 29. Rd3 Rc7 30. Rc1 Bh6 31. Rc5 Bf8 32. Rc4 Bxa3 33. Ne5 Rb7 34. Kf3 Bd6 35. Nc6 Bc7 36. Ra4 Bb6 37. Ne5 Kg7 38. Nc4 Bc5 39. Na5 Rc7 40. Rc4 Bb6 41. Rxc7 Bxc7 42. Nc4 Kf6 43. Rd1 Nb6 44. g4 Nd5 45. Ra1 Bb6 46. Nxb6 axb6 47. Rf1 Ke5 48. Ra1 f5 49. Ra7 h5 50. g5 Kd6 51. Rg7 Ne7 52. Rf7 Nd5 53. Rg7 Ne7 54. Rf7 Nd5 55. Rg7 Ne7 56. Rf7 Nd5 1/2-1/2